=LDR 00000nam 2200000 4500 =001 INLIS000000000021839 =005 20130612120646 =008 ***********************************Ind** =035 ##$$0010-061300000021839 =041 ##$$a Ind =082 ##$$a 617.601 =090 ##$$a 617.601, Ilm-i =245 ##$$a Ilmu Kedokteran Gigi Pencegahan, Prof. Dr. B. Houwink, Dkk =260 ##$$a 1993 $b Yogyakarta =300 ##$$a xiv, 440 hlm., ilus., 21 cm =650 ##$$a Kesehatan -Kedokteran Gigi =850 ##$$a NBPNMAT